Consumer behavior: (Record no. 8868)

MARC details
000 -LEADER
fixed length control field 00631 a2200193 4500
010 ## - LIBRARY OF CONGRESS CONTROL NUMBER
LC control number ENG-88602
020 ## - INTERNATIONAL STANDARD BOOK NUMBER
International Standard Book Number 9788120332935
Terms of availability 495.00
035 ## - SYSTEM CONTROL NUMBER
System control number EN-72135
037 ## - SOURCE OF ACQUISITION
Source of stock number/acquisition DBAD / PUB
082 14 - DEWEY DECIMAL CLASSIFICATION NUMBER
Classification number 658.8342
090 ## - LOCALLY ASSIGNED LC-TYPE CALL NUMBER (OCLC); LOCAL CALL NUMBER (OCLC)
-- 9032
-- 9032
100 1# - MAIN ENTRY--PERSONAL NAME
Personal name Solomon, Michael R.
245 1# - TITLE STATEMENT
Title Consumer behavior:
Statement of responsibility, etc by Michael R. Solomon
Remainder of title buying, having and being/
260 ## - PUBLICATION, DISTRIBUTION, ETC. (IMPRINT)
Place of publication, distribution, etc New Delhi
Name of publisher, distributor, etc Prentice-Hall of India
Date of publication, distribution, etc 2007
300 ## - PHYSICAL DESCRIPTION
Extent xviii, 654p. :
Dimensions 28cm (pbk)
Other physical details ill.
500 ## - GENERAL NOTE
General note Includes index.
942 ## - ADDED ENTRY ELEMENTS (KOHA)
Institution code [OBSOLETE] dpl
Koha item type English Books
Call number prefix 658.8342 / SOL
Holdings
Withdrawn status Lost status Source of classification or shelving scheme Damaged status Not for loan Collection code Home library Current library Source of acquisition Cost, normal purchase price Total Checkouts Full call number Barcode Date last seen Copy number Uniform Resource Identifier Cost, replacement price Price effective from Koha item type
    Dewey Decimal Classification   Not For Loan Non-fiction D.B.Act.Division D.B.Act.Division DBAD/PUB 495.00   658.8342 SOL EN-72135 15/09/2008 1 9816 495.00 15/09/2008 English Books

© Delhi Public Library
Hit Counter
free hit counter